LEADER 01190nam a2200277 i 4500 001 000000034330 003 CaOOAMICUS 005 20081111000000.0 008 081111s1987 it u000 u ita u 013 $a628 020 $a88-16-40183-4 040 $aSeMil$bita 100 1 $aRicoeur, Paul,$d<1913-2005>.$0(OLS)http://semarc/name/675 240 13$aLa configuration dans le récit de fiction.$0(OLS)http://semarc/title/46383 245 13$aLa configurazione nel racconto di finzione. 260 $aMilano :$bJaca Book,$c1987. 300 $a278 p. ;$c24 cm. 490 0 $aDi fronte e attraverso ;$v183 773 0 $aRicoeur, Paul <1913-2005>$tTempo e racconto.$dMilano : Jaca Book, 1986-1988.$kDi fronte e attraverso$g2$w()1624 830 0$aDi fronte e attraverso ;$v183.$0(OLS)http://semarc/title/6486 850 $aSeMil 852 $aSeMil$W1$xVenegono$y1$m2P III 408$j485$B485$CSeMilBibl$Z2$F485 $81 961 $aAcquisto: Centro Vendite Curia 996 $6020$a88-16-40183-4$9(OLS)http://semarc/number/2043 996 $6245$aLa configurazione nel racconto di finzione$9(OLS)http://semarc/title/46382 996 $6260$aMilano :$bJaca Book$9(OLS)http://semarc/publisher/29781 LEADER 00904nam a2200217 i 4500 001 000000046505 003 CaOOAMICUS 005 20120210000000.0 008 120210s1940 it u000 u ita u 013 $a17675 040 $aSeMil$bita 100 1 $aPiersanti, Fiorello Alberto.$0(OLS)http://semarc/name/23128 245 12$aL'essenza del sacrificio della Messa /$cP. Fiorello Alberto Piersanti dei Chierici Regolari Minori. 260 $aRoma :$bLibreria Pontificia F. Pustet,$c1940. 300 $a178 p. ;$c20 cm. 500 $aContiene : Bibliografia. 650 4$aMessa - Sacrificio.$0(OLS)http://semarc/subject/7027 850 $aSeMil 852 $aSeMil$W1$xVenegono$y1$m2C II 34$j12660$B12660$CSeMilBibl$Z2$F12660 $81 996 $6245$aL'essenza del sacrificio della Messa$9(OLS)http://semarc/title/69554 996 $6260$aRoma :$bLibreria Pontificia F. Pustet$9(OLS)http://semarc/publisher/37192